50 French-Canadian words about Holidays - Statistics

General Stats
  • This quiz has been taken 21 times
  • The average score is 24 of 50
Answer Stats
Hint Answer % Correct
Noël Christmas
100%
Jésus Jesus
100%
Père Noël Santa
100%
Neige Snow
100%
Glace Ice
95%
Froid Cold
90%
Hiver Winter
81%
Décembre December
76%
Cadeaux Gifts
76%
Tradition Tradition
76%
Église Church
71%
Religion Religion
71%
Amen Amen
67%
Famille Family
67%
Joie Joy
67%
Lumières Lights
67%
Bicuits Cookies
62%
Groenland Greenland
62%
Nouvel An New Year
62%
Étoile Star
62%
Paix Peace
57%
Renne Reindeer
57%
Ange Angel
52%
Festin Feast
52%
Boule de neige Snowball
48%
Carnaval Carnival
43%
Christianisme Christianity
43%
Cheminée Chimney
38%
Repas Meal
38%
Flocon Snowflake
38%
Souhaiter To wish
38%
Dinde Turkey
38%
Bougie Candle
33%
Boule de Noël Christmas ball
29%
Saint Holy
29%
Prière Prayer
29%
Cloche Bell
24%
Charbon Charcoal
24%
Sapin Fir tree
19%
Pain d'épices Gingerbread
19%
Le Temps des Fêtes Holidays
19%
Il neige It is snowing
19%
Chapeau du Père Noël Santa's hat
19%
Feu de foyer Fireplace
14%
Atelier du Père Noël Santa's workshop
14%
Couronne de Noël Christmas wreath
5%
Crèche Crib
5%
Snowman Bonhomme de Noël
0%
Sapin de Noël Christmass tree
0%
Souhait Wish (noun)
0%
No matching quizzes found
Score Distribution
Percent of People with Each Score
Percentile by Number Answered
Your Score History
You have not taken this quiz